More talks with Sri Ramana Maharshi: (Record no. 39541)

MARC details
000 -LEADER
fixed length control field 00970nam a22002657a 4500
008 - FIXED-LENGTH DATA ELEMENTS--GENERAL INFORMATION
fixed length control field 081212t xxu||||| |||| 00| 0beng d
010 ## - LCCN (DPL NO)
LC control number ENG-98454
020 ## - INTERNATIONAL STANDARD BOOK NUMBER
Terms of availability 95.00
International Standard Book Number 8185378355
035 ## - SYSTEM CONTROL NUMBER
System control number EN-81987
037 ## - SOURCE OF ACQUISITION
Source of stock number/acquisition DBAD / PUB
040 ## - CATALOGING SOURCE
Original cataloging agency dpl
Language of cataloging English
082 ## - DEWEY DECIMAL CLASSIFICATION NUMBER
Classification number 230.4
100 ## - MAIN ENTRY--PERSONAL NAME
9 (RLIN) 3724
Personal name Rajan, N.N.
245 ## - TITLE STATEMENT
Title More talks with Sri Ramana Maharshi:
Statement of responsibility, etc by N.N.Rajan ;edited by A.R. Natarajan
Remainder of title leaves from the diary /
250 ## - EDITION STATEMENT
Edition statement 3rd ed.
260 ## - PUBLICATION, DISTRIBUTION, ETC. (IMPRINT)
Place of publication, distribution, etc Bangalore
Name of publisher, distributor, etc Ramana maharshi Centre For Learning
Date of publication, distribution, etc 2006
270 ## - ADDRESS
Address Post Office Road, Sanjay Nagar,
City Bangalore
Postal code 560094
300 ## - PHYSICAL DESCRIPTION
Extent ix, 182p.
Dimensions 22cm (pbk)
500 ## - GENERAL NOTE
General note Includes index
600 ## - SUBJECT ADDED ENTRY--PERSONAL NAME
Personal name Baba Visakha Singh
General subdivision Biography.
9 (RLIN) 3725
650 ## - SUBJECT ADDED ENTRY--TOPICAL TERM
9 (RLIN) 7051
700 ## - ADDED ENTRY--PERSONAL NAME
9 (RLIN) 6162
Personal name Natarajan, A.R.
942 ## - ADDED ENTRY ELEMENTS (KOHA)
Source of classification or shelving scheme Dewey Decimal Classification
Item type English Books
Call number suffix RAJ
Classification part 230.4
Holdings
Withdrawn status Lost status Source of classification or shelving scheme Damaged status Not for loan Collection code Home library Current library Date acquired Source of acquisition Cost, normal purchase price Total Checkouts Full call number Barcode Date last seen Copy number Cost, replacement price Koha item type
    Dewey Decimal Classification   Not For Loan Non-fiction D.B.Act.Division D.B.Act.Division 05/08/2010 DBAD/PUB 95.00   230.4 RAJ EN-81987 05/08/2010 1 95.00 English Books

© Delhi Public Library
Hit Counter
free hit counter